000 00597nam a2200157 a 4500
008 080306s1995 ||||||||||||||||| || u
050 _aIBRD(08)DP
100 _aSchmidt-Hebbel, Klaus
245 1 0 _aColombia's pension reform: fiscal and macroeconomic effects
260 _aWashington, D. C.
_bWorld Bank
_c1995
300 _aix, 75p. :ill.
350 _a0.00
490 _aWorld Bank Discussion Papers
650 _aPENSIONS--COLOMBIA
995 _D0.00
_FCBU-MAIN LIBRARY (Kitwe)
_H1
_I0.00
_M1
_UAVAILABLE
_WMar 6, 2008
_ZInternational Publications
999 _c37721
_d37721